| 000 | 00742nam a2200205 a 4500 | ||
|---|---|---|---|
| 008 | 081203s2004 ||||||||||||||||| || u | ||
| 020 | _a3037780177 | ||
| 050 | _aJC 572 Fac | ||
| 100 | _aMuller, Lars | ||
| 245 | 1 | 4 |
_aThe face of human rights _cedited by Walter Kalin; Lars Muller; Judith Wyttenbach |
| 260 |
_aSwitzerland: _bLars Muller Publishers _c2004 |
||
| 300 | _a719p.: ill. | ||
| 350 | _a0.00 | ||
| 650 | _aHUMAN RIGHTS--HANDBOOKS, MANUALS, ETC | ||
| 650 | _aRIGHTS | ||
| 650 | 0 | _aHUMAN RIGHTS | |
| 700 | _aWyttenbach, Judith | ||
| 700 | _aKalin, Walter | ||
| 995 |
_D0.00 _FCBU-MAIN LIBRARY (Kitwe) _H1 _I0.00 _M1 _UAVAILABLE _WFeb 13, 2009 _ZMain Library Open Access Collection |
||
| 999 |
_c43052 _d43052 |
||